000 00322nam a22001337a 4500
008 170929b xxu||||| |||| 00| 0 eng d
020 _a9780807736647
041 _aeng
080 _a37
100 _a47
101 _aEDU
245 _aLITERACY, LANGUAGE AND TECHNOLOGY IN EVERYDAY LIFE
_cMERRIFIELD, J
942 _2udc
_cBK
999 _c30848
_d30848